000 00844nam a2200217 a 4500
001 000018023
005 20200929165324.0
008 870722s1985 pr a b 001 mdspa d
020 _a0865813752
040 _aDO-SdBNP
_cDLC
_dDLC
_dBNPHU
082 _annnn
_bA776s
100 1 _aArrillaga, María,
_d1940-
_914084
245 1 4 _aLos silencios de María Bibiana Benítez /
_cMaría Arrillaga.
260 _aSan Juan de Puerto Rico :
_bInstituto de Cultura Puertorriquena,
_c1985.
300 _a70 p. :
_bil. ;
_c22 cm.
_e(Santo Domingo :
_fEditora Corripio)
504 _aBibliografía: p. [59]-60.
504 _aIncluye índice y notas bibliográficas al pie de las páginas.
586 _aPrimer premio 1983, Instituto Comercial de Puerto Rico, Recinto de Mayagüez.
600 1 0 _aBenítez, María Bibiana,
_d1783-1873
_939073
049 _aBNGR
999 _c17545
_d17545